Family Madrigal Characters - Statistics

General Stats
  • This quiz has been taken 89 times
    37 since last reset
  • The average score is 10 of 12
Answer Stats
Hint Answer % Correct
We don't Talk about him Bruno
97%
Controls the weather Pepá
94%
Oldest Person Abuela
91%
Can heal People with arepas Julieta
88%
Julieta's youngest daughter Mirabel
88%
The is strong Luisa
85%
Can spawn flowers Isabela
82%
Can speak with animals Antonio
79%
Can hear some things from a mir away Dolores
79%
Can shapeshift Camilo
76%
Julieta's husband Agustín
62%
Pepá's husband Felíx
62%
No matching quizzes found
Score Distribution
Percent of People with Each Score
Percentile by Number Answered
Your Score History
You have not taken this quiz since the last reset